| 000 | 00894cam a2200277 a 4500 | ||
|---|---|---|---|
| 001 | 000004585 | ||
| 005 | 20200929151451.0 | ||
| 008 | 890320s1992 sp 000 f spa | ||
| 020 | _a8476406428 | ||
| 040 |
_aDO-SdBNP _cCU _dCU _dDLC |
||
| 041 | 1 | 7 |
_aspa _hger _2Código de idioma MARC |
| 082 |
_a833.912 _bF422j |
||
| 100 | 1 |
_aFeuchtwanger, Lion, _d1884-1958. _911608 |
|
| 240 | 1 | 0 |
_aDie jüdin von Toledo. _lEspañol |
| 245 | 1 | 3 |
_aLa judía de toledo / _cLion Feuchtwanger ; traducción de Ana Tortajada. |
| 260 |
_aMadrid : _bEDAF, _c1992. |
||
| 300 |
_a488 p. ; _c23 cm. |
||
| 490 | 1 |
_aClío. _aNarrativa _v15 |
|
| 534 |
_pTítulo original: _tDie jüdin von Toledo. |
||
| 650 | 4 |
_aNovela alemana _93302 |
|
| 650 | 4 |
_aLiteratura alemana _93274 |
|
| 700 | 1 |
_aTortajada, Ana, _etr. _913378 |
|
| 830 | 0 |
_aClío. _nNarrativa _v15 _913379 |
|
| 910 | _aCatalogación por copia / LC | ||
| 910 | _aWM | ||
| 999 |
_c4393 _d4393 |
||